Berlin, London oder Paris? - Statistiken

Allgemein
  • Dieses Quiz wurde 12.979 mal gespielt
  • Das Durchschnittsergebnis liegt bei 6 aus 12
Antwortstatistiken
Frage Antwort % Korrekt
In welcher Stadt befindet sich das meistbesuchte Museum der Welt? Paris
77%
Welche Stadt hat den Flughafen mit dem höchsten Passagieraufkommen (im Jahr 2022)? London
70%
Welche Stadt hatte 2019 die meisten Besucher? Paris
69%
Welche Stadt liegt am längsten Fluss? Paris
55%
Welche Stadt wird auf Französisch anders geschrieben als auf Deutsch und Englisch? London
53%
Welche Stadt liegt am nördlichsten? Berlin
49%
Das Gebiet welcher Stadt hat die größte Fläche (1572 km²)? London
46%
In welcher Stadt hat die Mannschaft des jeweiligen Gastgeberlandes nie ein Finale der Fußballweltmeisterschaft der Männer gewonnen? Berlin
44%
In welcher Stadt befindet sich das höchste Bauwerk (368 m)? Berlin
31%
In welcher Stadt steht die höchste Kirche (111 m)? London
30%
In welcher Stadt befinden sich die meisten UNESCO-Welterbestätten (4)? London
18%
Das U-Bahn-System welcher Stadt hat die meisten Stationen (über 300)? Paris
13%
Keine übereinstimmenden Quizze gefunden
Verteilung der Resultate
Anzahl Personen mit jedem Resultat
Perzentil nach korrekt beantworteten Fragen
Ihre Resultats-Entwicklung
Sie haben dieses Quiz noch nicht gespielt